Gminy w Powiatach na literę L - Statystyki

Ogólne statystyki
  • Ten quiz został rozwiązany 37 razy
  • Średni wynik to 25 z 117
Statystyki odpowiedzi
Powiaty Gminy % Poprawnych
lęborski Lębork
83%
legionowski Legionowo
79%
leżajski Leżajsk
79%
lubiński Lubin
79%
limanowski Limanowa
72%
lubański Lubań
72%
lubartowski Lubartów
72%
leski Lesko
69%
lubaczowski Lubaczów
69%
Lipno
66%
lubliniecki Lubliniec
62%
lidzbarski Lidzbark Warmiński
59%
lipski Lipsko
55%
lwówecki Lwówek Śląski
55%
Łeba
38%
Jabłonna
34%
Legnickie Pole
34%
legnicki Chojnów
28%
Cisna
28%
Kamionka
28%
Kock
28%
Narol
28%
Niemce
28%
Tymbark
28%
Dobra
24%
Gryfów Śląski
24%
Prochowice
24%
Włoszakowice
24%
lubelski Bełżyce
21%
Firlej
21%
Horyniec-Zdrój
21%
Mszana Dolna
21%
Niedrzwica Duża
21%
Niedźwiada
21%
Niedźwiedź
21%
leszczyński Rydzyna
21%
Solina
21%
Bobrowniki
17%
Bychawa
17%
Cewice
17%
Cieszanów
17%
Dobrzyń nad Wisłą
17%
Garbów
17%
Jastków
17%
Jeziorzany
17%
Laskowa
17%
Michów
17%
Oleszyce
17%
Osieczna
17%
Ostrówek
17%
Ostrów Lubelski
17%
Ścinawa
17%
Serock
17%
Skępe
17%
Solec nad Wisłą
17%
Świeradów-Zdrój
17%
Abramów
14%
Jodłownik
14%
Kamienica
14%
Koszęcin
14%
Leśna
14%
Łukowica
14%
Nowa Sarzyna
14%
Olszanica
14%
Olszyna
14%
Słopnice
14%
Uścimów
14%
Wicko
14%
Wielgie
14%
Wieliszew
14%
Baligród
10%
Kikół
10%
Konopnica
10%
Krzczonów
10%
Mirsk
10%
Nieporęt
10%
Nowa Wieś Lęborska
10%
Serniki
10%
Tłuchowo
10%
Wielkie Oczy
10%
Wólka
10%
Woźniki
10%
Wysokie
10%
Boronów
7%
Borzechów
7%
Ciasna
7%
Ciepielów
7%
Głusk
7%
Herby
7%
Lubomierz
7%
Lubomino
7%
Orneta
7%
Platerówka
7%
Siekierczyn
7%
Sienno
7%
Stary Dzików
7%
Strzyżewice
7%
Wleń
7%
Wojciechów
7%
Zakrzew
7%
Chotcza
3%
Chrostkowo
3%
Grodzisko Dolne
3%
Kiwity
3%
Krotoszyce
3%
Krzemieniewo
3%
Kunice
3%
Kuryłówka
3%
Miłkowice
3%
Rudna
3%
Ruja
3%
Święciechowa
3%
Wijewo
3%
Pawonków
0%
Rzeczniów
0%
Nie znaleziono quizów pasujących do podanych kryteriów
Rozkład punktacji
Procent ludzi z każdym wynikiem
Percentyl według liczby udzielonych odpowiedzi
Twoja historia wyników
Nie rozwiązałeś tego quizu